Sports Quiz

Random Sports or World Quiz

Most highly paid footballers Quiz Stats

 Plays Quiz not verified by Sporcle

Challenge
Share
Tweet
Embed
Score 0/10 Timer 05:00
0 Plays Today
Earnings Player % Correct
£26,200,000David Beckham
97.3%
£27,500,000Lionel Messi
91.9%
£24,300,000Cristiano Ronaldo
91.9%
£17,200,000Wayne Rooney
89.2%
£15,700,000Sergio Aguero
81.1%
£14,700,000Yaya Toure
70.3%
£19,400,000Samuel Eto'o
67.6%
£13,900,000Fernando Torres
67.6%
£12,900,000Kaka
48.6%
£11,900,000Philipp Lahm
8.1%

You're not logged in!

Compare scores with friends on all Sporcle quizzes.
OR
Log In

You Might Also Like...

Show Comments

Extras

Top Quizzes Today


Score Distribution

Your Account Isn't Verified!

In order to create a playlist on Sporcle, you need to verify the email address you used during registration. Go to your Sporcle Settings to finish the process.

Report this User

Report this user for behavior that violates our Community Guidelines.

Details: